Textbook of biochemistry and clinical pathology for diploma in pharmacy students: Course code: ER20-23T (Record no. 396270)

MARC details
000 -LEADER
fixed length control field 00702nam a22002297a 4500
005 - DATE & TIME
control field 20260105110106.0
008 - FIXED-LENGTH DATA ELEMENTS--GENERAL INFORMATION
fixed length control field 260105b |||||||| |||| 00| 0 eng d
020 ## - ISBN
International Standard Book Number 9789349881211
Price Rs. 195.00
040 ## - CATALOGING SOURCE
Original cataloging agency VIVEKANANDA LIBRARY
082 ## - DDC NUMBER
Classification number 615.11
Book Number M294T
100 ## - MAIN ENTRY--PERSONAL NAME
Personal name Male, Kvlsn Anjana
245 ## - TITLE STATEMENT
Title Textbook of biochemistry and clinical pathology for diploma in pharmacy students: Course code: ER20-23T
260 ## - PUBLICATION, DISTRIBUTION, ETC. (IMPRINT)
Place of publication, distribution, etc New Delhi
Name of publisher, distributor, etc CBS Publishers and Distributors
Date of publication, distribution, etc 2026
300 ## - PHYSICAL DESCRIPTION
Pages 124
650 ## - Subject
Subject Clinical Pathology
650 ## - Subject
Subject Biochemistry
650 ## - Subject
Subject Pharmacology
700 ## - Added Entry Personal Name
Added Entry Personal Name Gandhi Surendra
700 ## - Added Entry Personal Name
Added Entry Personal Name Kasula, Ramalingeswara Rao
700 ## - Added Entry Personal Name
Added Entry Personal Name Nelluri, Kanaka Durga Devi
942 ## - ADDED ENTRY ELEMENTS (KOHA)
Koha item type Books
Holdings
Withdrawn status Lost status Source of classification or shelving scheme Damaged status Not for loan Location (home branch) Sublocation or collection (holding branch) Shelving location Date acquired Koha issues (times borrowed) Koha full call number Accession No. Koha date last seen Koha item type
    Dewey Decimal Classification     VIVEKANANDA LIBRARY VIVEKANANDA LIBRARY Vivekananda Library 05/01/2026   615.11 M294T 443570 05/01/2026 Books
    Dewey Decimal Classification     VIVEKANANDA LIBRARY VIVEKANANDA LIBRARY Vivekananda Library 05/01/2026   615.11 M294T 443571 05/01/2026 Books
© Designed and Maintained by Vivekananda Library, MDU Rohtak